[Event "ch-UKR sf"]
[Site "Alushta UKR"]
[Date "2005.05.18"]
[Round "3"]
[White "Prihotko,A"]
[Black "Nyzhnyk,I"]
[Result "1-0"]
[WhiteElo "2358"]
[BlackElo "2119"]

1.Nf3 d5 2.g3 Nf6 3.Bg2 c6 4.O-O Bf5 5.d3 h6 6.c4 e6 7.Be3 Nbd7 8.Qb3 Qc8
9.Nc3 Be7 10.Rac1 dxc4 11.dxc4 O-O 12.Na4 e5 13.c5 Qc7 14.Rfd1 Nd5 15.Bd2 Be6
16.Qc2 f5 17.e4 fxe4 18.Qxe4 Bf5 19.Qc4 Kh8 20.Nh4 Bxh4 21.Qxh4 N7f6 22.Nc3 Qf7
23.h3 Nxc3 24.Bxc3 Rae8 25.Re1 Nd7 26.g4 Bh7 27.Rcd1 Nxc5 28.Rxe5 Rxe5 29.Bxe5 Nd3
30.Bd4 c5 31.Bc3 Nf4 32.Bf1 Be4 33.Re1 Re8 34.Qxh6+ Kg8 35.Bxg7 Nxh3+ 36.Qxh3 Qxg7
37.Bc4+ Kf8 38.Rxe4  1-0

[Event "Capablanca Mem Premier 1"]
[Site "Havana CUB"]
[Date "2005.05.18"]
[Round "12"]
[White "Perez,Lu"]
[Black "Vera,R"]
[Result "1/2-1/2"]
[WhiteElo "2420"]
[BlackElo "2507"]

1.Nf3 d5 2.g3 g6 3.Bg2 Bg7 4.O-O Nf6 5.d4 O-O 6.c4 c6 7.cxd5 cxd5 8.Nc3 Ne4
9.e3 Bf5 10.Nxe4 Bxe4 11.Bd2 Nc6  1/2-1/2

[Event "ch-LAT"]
[Site "Riga LAT"]
[Date "2005.05.18"]
[Round "9"]
[White "Kengis,E"]
[Black "Kalnins,K"]
[Result "1/2-1/2"]
[WhiteElo "2537"]
[BlackElo "2205"]

1.Nf3 d5 2.g3 Bg4 3.Bg2 c6 4.c4 e6 5.b3 Nd7 6.Bb2 Ngf6 7.O-O Bd6 8.d4 Bxf3
9.exf3 dxc4 10.bxc4 O-O 11.f4 Rb8 12.Nd2 c5 13.Nb3 b6 14.dxc5 Bxc5 15.g4 Qc7
16.g5 Ne8 17.Qd3 Rd8 18.Rad1 Be7 19.Nd4 Nc5 20.Qf3 f6 21.Qe2 fxg5 22.Nxe6 Nxe6
23.Qxe6+ Kh8 24.Be5 Bd6 25.Rd3 Bxe5 26.Rxd8 Qxd8 27.fxe5 Nc7 28.Qd6 Qc8 29.Rd1 Ne6
30.Qc6 Nf4 31.Qxc8 Rxc8 32.Bc6 h6 33.Rd6 Rc7 34.e6 Re7 35.Bd5 Re8 36.f3 Kg8
37.e7+ Nxd5 38.Rxd5 Rxe7 39.c5 bxc5 40.Rxc5 Kf7  1/2-1/2

[Event "ch-RUS w"]
[Site "Samara RUS"]
[Date "2005.05.18"]
[Round "4"]
[White "Kovalevskaya,E"]
[Black "Kochetkova,J"]
[Result "1-0"]
[WhiteElo "2469"]
[BlackElo "2311"]

1.Nf3 d5 2.g3 Nf6 3.Bg2 c6 4.c4 Bf5 5.cxd5 cxd5 6.Qb3 Qb6 7.Nc3 e6 8.d3 Bc5
9.O-O Nc6 10.Bg5 Ng4 11.Qxb6 Bxb6 12.e4 dxe4 13.dxe4 Bg6 14.h3 Nf6 15.Nd2 h6
16.Bxf6 gxf6 17.Nc4 Bc5 18.Rac1 Rd8 19.a3 f5 20.b4 Be7 21.e5 f4 22.gxf4 Bd3
23.Nb5 Bxf1 24.Kxf1 Nd4 25.Ncd6+ Bxd6 26.Nxd6+ Ke7 27.Bxb7 Rd7 28.Bc8 Rxd6
29.Rc7+ Kd8 30.exd6 Nb5 31.Rb7 Nxd6 32.Rd7+ Kxc8 33.Rxd6 Kc7 34.Ra6 Kb7 35.Ra5 Rc8
36.f5 Rc3 37.fxe6 fxe6 38.Kg2 Rd3 39.h4 Rc3 40.f3 Rd3 41.Kg3 Rc3 42.Kg4 Rd3
43.f4 Rc3 44.Rh5 Rxa3 45.Rxh6 Rb3 46.Rxe6 Rxb4 47.h5 Rb1 48.Re3 Kc6  1-0

[Event "ch-UKR sf"]
[Site "Alushta UKR"]
[Date "2005.05.19"]
[Round "4"]
[White "Kaliuzhny,A"]
[Black "Tishin,D"]
[Result "0-1"]
[WhiteElo "2218"]
[BlackElo "2355"]

1.Nf3 d5 2.g3 Nf6 3.Bg2 c6 4.d4 Bf5 5.O-O e6 6.Nbd2 Bd6 7.c3 Nbd7 8.Re1 h6
9.Nh4 Bh7 10.e4 dxe4 11.Nxe4 Nxe4 12.Bxe4 Bxe4 13.Rxe4 Nf6 14.Re1 O-O 15.Qf3 Re8
16.Bf4 Bxf4 17.gxf4 Nd5 18.Ng2 Qf6 19.Re5 Ne7 20.Kh1 Ng6 21.Re3 Rad8 22.Rae1 Rd5
23.Qg4 Rf5 24.Rf3 Rd8 25.Re4 Ra5 26.a3 Rdd5 27.Ne3 Rh5 28.Re5 Nxe5 29.fxe5 Qg5
30.Qe4 Rh4 31.Qd3 Qh5 32.Nf1 Rd5 33.Rg3 c5 34.Qb5 cxd4 35.Qe8+ Kh7 36.Qf8 Rg4
37.cxd4 Rxg3  0-1

[Event "Victory Cup"]
[Site "Alushta UKR"]
[Date "2005.05.19"]
[Round "8"]
[White "Semiev,S"]
[Black "Zinchenko,Ya"]
[Result "0-1"]
[WhiteElo "2287"]
[BlackElo "2460"]

1.g3 d5 2.Nf3 c6 3.Bg2 Bg4 4.Ne5 Bh5 5.d4 Nd7 6.Nxd7 Qxd7 7.Nd2 e6 8.O-O Bd6
9.c3 f5 10.Re1 Nf6 11.Qc2 O-O 12.f4 c5 13.e3 Rac8 14.Nf3 b5 15.a3 a5 16.Bd2 Ne4
17.Rec1 h6 18.Be1 g5 19.Nd2 cxd4 20.exd4 gxf4 21.gxf4 Bxf4 22.Rcb1 Be3+ 23.Kh1 Bxd4
24.Nxe4 fxe4 25.Bg3 Bg7 26.Rg1 b4 27.axb4 axb4 28.Ra6 bxc3 29.bxc3 Rxc3 30.Qa2 Rf7
31.Rd6 Qe7 32.Qa6 Bg4 33.Rb1 Kh7 34.Rdb6 Qc5  0-1

[Event "ch-LAT w"]
[Site "Riga LAT"]
[Date "2005.05.19"]
[Round "8"]
[White "Rogule,L"]
[Black "Erneste,I"]
[Result "1-0"]
[WhiteElo "2278"]
[BlackElo "2287"]

1.Nf3 d5 2.g3 c6 3.Bg2 Bg4 4.b3 Nd7 5.Bb2 Ngf6 6.d3 Qc7 7.Nbd2 e5 8.e4 dxe4
9.dxe4 Bc5 10.O-O O-O 11.h3 Bh5 12.Qe2 b5 13.Rfd1 Rfe8 14.Nf1 Nf8 15.a4 Bxf3
16.Bxf3 a6 17.c3 Ne6 18.axb5 axb5 19.b4 Bb6 20.h4 Rxa1 21.Rxa1 Rd8 22.Bc1 Ne8
23.Be3 Nd6 24.Bxb6 Qxb6 25.Ne3 Nc7 26.Qa2 Nce8 27.Qa7 Qxa7 28.Rxa7 Kf8 29.Ra6 Rc8
30.Bg4 Rc7 31.f3 Ke7 32.Kf2 Nf6 33.Bh3 g6 34.Ke2 Nh5 35.Kf2 Ng7 36.Bf1 f5
37.exf5 gxf5 38.Bd3 Ke6 39.g4 f4 40.Nf1 h5 41.Nd2 hxg4 42.fxg4 Kd5 43.Kf3 Ne6
44.Bb1 Nc4 45.Nxc4 bxc4 46.Be4+ Kd6 47.b5 Nc5 48.Rxc6+ Rxc6 49.bxc6 Na4 50.h5 Nxc3
51.Bc2 Nd5 52.h6 Nf6 53.g5  1-0

[Event "ch-UKR sf"]
[Site "Alushta UKR"]
[Date "2005.05.20"]
[Round "5"]
[White "Matjushin,G"]
[Black "Hermanov,A"]
[Result "1/2-1/2"]
[WhiteElo "2416"]
[BlackElo "2323"]

1.g3 d5 2.Nf3 Nf6 3.Bg2 c6 4.d3 Bg4 5.b3 Nbd7 6.Bb2 a5 7.a3 Bxf3 8.Bxf3 e5
9.Nd2 Bc5 10.e3 O-O 11.O-O Qe7 12.Qe2 e4 13.Bg2 Rfe8 14.Rfd1 Rad8 15.Qe1 exd3
16.cxd3 Bb6 17.Nf3 Nc5 18.Nd4 Qe5 19.Rab1 Qh5 20.Qe2 Qxe2 21.Nxe2 Ncd7 22.h3 Bc7
23.Kf1 Be5 24.Bc1 Bd6 25.Nd4 g6 26.Ke2 Nh5 27.Kd2 Ng7 28.Kc2 Ne6 29.Nf3 b5
30.Kb2 Nb6 31.Bd2  1/2-1/2

[Event "ch-LAT"]
[Site "Riga LAT"]
[Date "2005.05.20"]
[Round "12"]
[White "Kengis,E"]
[Black "Starostits,I"]
[Result "1-0"]
[WhiteElo "2537"]
[BlackElo "2450"]

1.Nf3 d5 2.g3 Nf6 3.Bg2 Nc6 4.d4 Bf5 5.O-O e6 6.c4 Be7 7.Nc3 O-O 8.Ne5 h6
9.Bf4 g5 10.cxd5 exd5 11.Be3 Nb4 12.Rc1 c6 13.a3 Na6 14.h4 Ng4 15.hxg5 hxg5
16.Bd2 Nxe5 17.dxe5 Nc5 18.b4 Nd7 19.e4 dxe4 20.Nxe4 Nxe5 21.Bc3 Qxd1 22.Rfxd1 f6
23.Bxe5 fxe5 24.Nc5 Rab8 25.Nd7 Rbe8 26.Nxf8 Bxf8 27.Re1 Kf7 28.Be4 Be6 29.Kg2 Rd8
30.Rcd1 Rd4 31.Rxd4 exd4 32.Rd1 Bg7 33.f4 gxf4 34.gxf4 Bb3 35.Rd2 Ke6 36.Kf3 Bf6
37.Rh2 Bd1+ 38.Kf2 Kf7 39.Rh7+ Bg7 40.Rh1 Ba4 41.Ke2 Ke6 42.Rh7 Kf7 43.Kd2 b6
44.Bc2 Bxc2 45.Kxc2 Kg6 46.Rh1 Kf5 47.Kd3 Kxf4 48.Rc1 Ke5 49.Rxc6 a5 50.Rxb6 axb4
51.a4  1-0

[Event "Open"]
[Site "Znojmo CZE"]
[Date "2005.05.20"]
[Round "7"]
[White "Vogel,Ja"]
[Black "Mlynek,P"]
[Result "1/2-1/2"]
[WhiteElo "2297"]
[BlackElo "2216"]

1.Nf3 d5 2.g3 c6 3.Bg2 Bf5 4.b3 Nf6 5.Bb2 e6 6.O-O h6 7.d3 Nbd7 8.Nbd2 Bc5
9.e4 Bh7 10.e5 Ng8 11.Qe2 Ne7 12.d4 Bb6 13.c4 O-O 14.Rac1 c5 15.Rfd1 cxd4
16.Bxd4 Bxd4 17.Nxd4 Nc6 18.N2f3 Be4 19.cxd5 Bxd5 20.Nxc6 Bxc6 21.Nd4 Bxg2
22.Kxg2 Rc8 23.f4  1/2-1/2

[Event "Victory Cup"]
[Site "Alushta UKR"]
[Date "2005.05.21"]
[Round "10"]
[White "Semiev,S"]
[Black "Kharchenko,B"]
[Result "1-0"]
[WhiteElo "2287"]
[BlackElo "2313"]

1.Nf3 d5 2.g3 c5 3.Bg2 Nc6 4.d4 Nf6 5.O-O Bf5 6.c4 e6 7.Nc3 Be7 8.cxd5 exd5
9.Bg5 O-O 10.dxc5 d4 11.Nb5 Bxc5 12.Qc1 Qb6 13.Bxf6 gxf6 14.Na3 Rfe8 15.Qd2 Bb4
16.Qf4 Bg6 17.Nc4 Qa6 18.Rfc1 Re4 19.Qh6 Rae8 20.Bf1 Qb5 21.Nh4 Bf8 22.Qd2 Qh5
23.Nxg6 hxg6 24.Qd3 f5 25.a3 Kh8 26.Bg2 Bh6 27.Rd1 R4e6 28.Bf3 Qh3 29.Bg2 Qh5
30.Bf3 Qg5 31.Bd5 Qf6 32.Bxe6 fxe6 33.e3 e5 34.exd4 Nxd4 35.f4 Rd8 36.Nxe5 g5
37.Qc4  1-0

[Event "HB Global CC"]
[Site "Minneapolis USA"]
[Date "2005.05.21"]
[Round "7"]
[White "Mahesh Chandran,P"]
[Black "Shabalov,A"]
[Result "1/2-1/2"]
[WhiteElo "2473"]
[BlackElo "2593"]

1.Nf3 d5 2.g3 Bg4 3.Bg2 Nd7 4.d4 e6 5.O-O Bd6 6.c4 c6 7.Nbd2 f5 8.Qb3 Rb8
9.Ne5 Bxe5 10.dxe5 Bxe2 11.Re1 Bh5 12.cxd5 cxd5 13.Qa3 Ne7 14.Qd6 Rc8 15.Qxe6 Rc6
16.Qd6 Rxd6 17.exd6 Ne5 18.dxe7 Qc7 19.Nb3 Nd3 20.Re6 Qc2 21.Be3 Kd7 22.Bf1 Rc8
23.Bxa7 Ke8 24.Be3 Rc4 25.Rd6 Kxe7 26.Rxd5 Be2 27.Nd4 Rxd4 28.Bxd4 Qc4 29.Bc5+ Ke8
30.Bg2 Nxc5 31.Re1 Kf7 32.Re5 Nd3 33.Bd5+ Qxd5 34.Rxd5 Nxe1 35.f4 Bc4 36.Rxf5+ Kg6
37.Rg5+ Kf6 38.b3 Bxb3 39.Kf2 Nd3+ 40.Ke3 Bc4 41.a3 b5 42.a4 h6 43.Rxb5 Bxb5
44.axb5 Nb2 45.Kd4 Na4 46.Kd5 Kf5 47.Kd6 g6 48.Ke7 Nc3 49.Kf7 Nxb5 50.g4+ Kxg4
51.Kxg6 h5 52.h3+ Kh4 53.f5 Nd4 54.f6 Ne6 55.f7 Nf8+ 56.Kg7  1/2-1/2

[Event "VII Open"]
[Site "Salou ESP"]
[Date "2005.05.21"]
[Round "2"]
[White "Burmakin,V"]
[Black "Mellado Trivino,J"]
[Result "1/2-1/2"]
[WhiteElo "2552"]
[BlackElo "2412"]

1.Nf3 d5 2.g3 Nf6 3.Bg2 Bf5 4.O-O e6 5.c4 Nbd7 6.b3 c6 7.Bb2 Be7 8.d3 h6
9.Nbd2 O-O 10.Qc2 a5 11.a3 Bh7 12.Bc3 b5 13.cxb5 cxb5 14.b4 Rc8 15.Qb3 Qc7
16.Rac1 Qd6 17.Qb2 a4 18.Bd4 Qa6 19.Ne5 Nxe5 20.Bxe5 Rxc1 21.Rxc1 Rc8 22.Rc3 Ne8
23.Qc1 Rxc3 24.Qxc3 f6 25.Bd4 Kf8 26.f4 Nd6 27.Bc5 Bg6 28.Nf3 Be8 29.e3 Bd7
30.Bxd6 Bxd6 31.d4 Qc6 32.Qxc6 Bxc6 33.Nd2 Ke7 34.Nb1 Kd7 35.Nc3 Kc7 36.Kf2 f5
37.Bf3 Be8 38.g4 g6 39.h3 Be7 40.Kg3 Bd8 41.gxf5 gxf5 42.Ne2 Be7 43.Nc3 Bd8
44.Be2 Kb6 45.Na2 Kc7 46.Nc1 Be7 47.Nd3 Bf6 48.Bf3 Be7 49.Nc5 Kd6 50.Bd1 Bf6
51.Nd3 Be7  1/2-1/2

[Event "ch-RUS w"]
[Site "Samara RUS"]
[Date "2005.05.21"]
[Round "6"]
[White "Kovalevskaya,E"]
[Black "Korbut,E"]
[Result "1/2-1/2"]
[WhiteElo "2469"]
[BlackElo "2399"]

1.Nf3 d5 2.g3 Bg4 3.Bg2 Nd7 4.O-O e6 5.d3 c6 6.Nbd2 Bd6 7.b3 Ne7 8.Bb2 O-O
9.Qe1 b5 10.e4 a5 11.a4 Qb8 12.Qe3 h6 13.Ra2 Bc5 14.Qe2 Ra7 15.Rfa1 Qb6 16.axb5 cxb5
17.d4 Bd6 18.c4 Bb4 19.exd5 bxc4 20.Nxc4 Qb5 21.dxe6 Bxe6 22.Nfe5 Nf6 23.Nd3 Bxc4
24.bxc4 Qxc4 25.Bf3 Rc7 26.Nxb4 Qxe2 27.Bxe2 axb4 28.Bd3 Nfd5 29.Kf1 Rd8
30.Ra8 Rcc8 31.Rxc8 Rxc8 32.Ke2 Kf8 33.Ra5 Nc3+ 34.Bxc3 bxc3 35.Bc2 Nc6 36.Ra4 Rb8
37.Kd3 Nb4+ 38.Kxc3 Rc8+ 39.Kxb4 Rxc2  1/2-1/2

[Event "TCh-ROM A"]
[Site "Tusnad ROM"]
[Date "2005.05.21"]
[Round "1"]
[White "Badea,B"]
[Black "Dumitrache,D"]
[Result "1/2-1/2"]
[WhiteElo "2500"]
[BlackElo "2455"]

1.Nf3 d5 2.g3 Bg4 3.Bg2 c6 4.O-O Nd7 5.d4 Ngf6 6.Nbd2 e6 7.Re1 Be7 8.e4 dxe4
9.Nxe4 O-O 10.c3 Nxe4 11.Rxe4 Nf6 12.Re1 Qb6 13.Qb3 Bxf3  1/2-1/2

[Event "ch-UKR w"]
[Site "Alushta UKR"]
[Date "2005.05.22"]
[Round "7"]
[White "Berezjuk,E"]
[Black "Shepeleva,S"]
[Result "1-0"]
[WhiteElo "2005"]
[BlackElo "1940"]

1.Nf3 d5 2.g3 c6 3.Bg2 Bg4 4.d3 Nf6 5.O-O Nbd7 6.c4 e6 7.Bf4 Be7 8.Nc3 O-O
9.cxd5 Nxd5 10.Nxd5 exd5 11.Rb1 a5 12.Qc2 Re8 13.e4 dxe4 14.dxe4 Qb6 15.Be3 Bc5
16.Bxc5 Qxc5 17.Qb3 Qb6 18.Qc2 Nc5 19.Rfe1 Rad8 20.Re3 Qb4 21.a3 Qb6 22.b4 Ne6
23.bxa5 Qxa5 24.Qc3 Qc7 25.Qb2 Nc5 26.Qb4 Qe7 27.Nd2 Bc8 28.Nb3 Nxb3 29.Qxe7 Rxe7
30.Rexb3 Rd2 31.f4 f6 32.R1b2 Rxb2 33.Rxb2 c5 34.Kf2 c4 35.Ke3 Rd7 36.Bf1 Rc7
37.f5 Bd7 38.Kd4 b5 39.Kc3 Ra7 40.Ra2 Bc6 41.a4 Bxe4 42.axb5 Rxa2 43.Bxc4+ Kf8
44.Bxa2 Ke7 45.b6 Kd6 46.Kd4 Bg2 47.Bb1 Bf1 48.Bd3 Bh3 49.Be4 Bf1 50.h4 Bb5
51.g4 h6 52.b7 Kc7 53.Kc5 Be2 54.Kd5 Kxb7 55.Ke6+ Kc7 56.Kf7 Kd6 57.Kxg7 Ke5
58.Bc2 Bxg4 59.Kxh6 Bxf5 60.Bxf5 Kxf5 61.h5 Kg4 62.Kg6 f5 63.h6 f4 64.h7 f3
65.h8=Q f2 66.Qh1 Kg3 67.Kf5  1-0

[Event "30th Elekes Mem GM"]
[Site "Budapest HUN"]
[Date "2005.05.23"]
[Round "3"]
[White "Nemeth,Z"]
[Black "Hoang Thanh Trang"]
[Result "1/2-1/2"]
[WhiteElo "2370"]
[BlackElo "2470"]

1.g3 d5 2.Nf3 c5 3.Bg2 Nc6 4.d4 Nf6 5.O-O Bf5 6.dxc5 e6 7.Nd4 Nxd4 8.Qxd4 Bxc2
9.Bf4 Be7 10.Nc3 O-O 11.Rac1 Bg6 12.b4 Nd7 13.e4 Bf6 14.e5 Be7 15.Nb5 a5
16.a3 axb4 17.axb4 Ra4 18.Nd6 Qc7 19.Ra1 Rxa1 20.Rxa1 b6 21.cxb6 Nxb6 22.Rc1 Qb8
23.Rc6 Nc4 24.Nxc4 Qxb4 25.Bf1 dxc4  1/2-1/2

[Event "ch-RUS w"]
[Site "Samara RUS"]
[Date "2005.05.23"]
[Round "8"]
[White "Kovalevskaya,E"]
[Black "Kosintseva,N"]
[Result "1-0"]
[WhiteElo "2469"]
[BlackElo "2459"]

1.Nf3 d5 2.g3 Nf6 3.Bg2 e6 4.c4 dxc4 5.Qa4+ c6 6.Qxc4 b5 7.Qc2 Bb7 8.d4 Nbd7
9.Ne5 Nxe5 10.dxe5 Nd5 11.O-O c5 12.Nc3 Nb4 13.Qb1 Bxg2 14.Kxg2 Qb6 15.a4 bxa4
16.Qe4 Rd8 17.Be3 Qb8 18.Rxa4 Be7 19.Rfa1 a6 20.Rxa6 Nxa6 21.Qc6+ Kf8 22.Rxa6 Rc8
23.Rb6 Qa8 24.Qxa8 Rxa8 25.Ne4 f5 26.exf6 gxf6 27.Bxc5 Bxc5 28.Nxc5 Ke7 29.Rxe6+ Kf7
30.Re4 Rhb8 31.b4 Ra2 32.Nd3 Rc8 33.Kf3 Rc3 34.Rh4 Kg7 35.Rd4 Rcc2 36.Rd7+ Kh6
37.Re7 Rc3 38.h4 Kg6 39.Kg2 Kh6 40.Nf4 Rc6 41.Nd5 Rd2 42.Ne3 Kg6 43.Kf3 Rc3
44.Re6 Rb2 45.h5+ Kxh5 46.Rxf6 Rxb4 47.Kg2 Rd4 48.Re6 Rd7 49.g4+ Kh4 50.Re5 Rxe3
51.Rxe3 Kxg4 52.Re4+ Kf5 53.Ra4 h5 54.e3 Rg7+ 55.Kf3 Kg5 56.Ra5+ Kh6 57.Ra4 Kg5
58.Rf4 Ra7 59.Kg3 Ra1 60.Rb4 Rg1+ 61.Kh2 Ra1 62.Kg2 Rc1 63.f3 Rc3 64.Rb5+ Kh4
65.Rb4+ Kg5 66.Kf2 Ra3 67.Re4 Ra1 68.Kg3 Rg1+ 69.Kh3 Rh1+ 70.Kg2 Ra1 71.Re5+ Kh4
72.f4 Rb1 73.Kf2 Rh1 74.Rg5 Rh2+ 75.Rg2 Rh1 76.Rg1 Rh2+ 77.Kf3 Rh3+ 78.Ke4 Rg3
79.Rf1 Kh3 80.f5 Rg4+ 81.Rf4 Rg8 82.f6 Kg3 83.f7 Rf8 84.Ke5 h4 85.Kf6 h3
86.Rf5 Rh8 87.Rg5+ Kf2 88.Rg8 Rh6+ 89.Kg5 h2 90.f8=Q+  1-0

[Event "13th Guillermo Garcia mem Prem I"]
[Site "Santa Clara CUB"]
[Date "2005.05.23"]
[Round "3"]
[White "Soppe,G"]
[Black "Mosquera,M"]
[Result "1/2-1/2"]
[WhiteElo "2453"]
[BlackElo "2434"]

1.Nf3 d5 2.g3 Nf6 3.Bg2 c6 4.O-O Bf5 5.b3 e6 6.Bb2 h6 7.d3 Nbd7 8.Nbd2 Bc5
9.e4 dxe4 10.dxe4 Nxe4 11.Nxe4 Bxe4 12.Bxg7 Rh7 13.Bb2 Qe7 14.Qe2 f5 15.a3 O-O-O
16.b4 Bb6 17.c4 e5 18.Rad1 Rf8 19.Rfe1 Bxf3 20.Qxf3 e4 21.Qh5 Qg5 22.Qh3 h5
23.c5 Bc7 24.f3 exf3 25.Bxf3 h4 26.Kh1 Nf6 27.Rf1 hxg3 28.Bxf6 Qg6 29.Bh4 Rfh8
30.Be4 Rxh4 31.Qxf5+ Qxf5 32.Bxf5+ Kb8 33.h3 a5 34.Rb1 Rd8 35.Rb2 Re8 36.Kg2 Re3
37.bxa5 Bxa5 38.Rf3 Rxf3 39.Kxf3 Rd4 40.Kxg3 Rd5 41.Be4 Rxc5  1/2-1/2

[Event "Chigorin CC"]
[Site "St Petersburg RUS"]
[Date "2005.05.23"]
[Round "7"]
[White "Zakharov,Y"]
[Black "Gaprindashvili,N2"]
[Result "0-1"]
[WhiteElo "2020"]
[BlackElo "2074"]

1.Nf3 d5 2.g3 c5 3.Bg2 Nc6 4.d3 e5 5.O-O f6 6.Nbd2 Be6 7.e4 d4 8.a4 Bd6 9.Nc4 Bc7
10.b3 Nge7 11.Ne1 g5 12.Bh3 Qd7 13.Bxe6 Qxe6 14.Qh5+ Ng6 15.h3 O-O-O 16.Qg4 Qxg4
17.hxg4 h5 18.Bd2 hxg4 19.Kg2 b6 20.Rh1 Rxh1 21.Kxh1 a6 22.f3 gxf3 23.Nxf3 g4
24.Nh2 Nge7 25.Rf1 Rf8 26.Kg2 Kb7 27.Nxg4 Ng8 28.Rf2 b5 29.Nb2 Rf7 30.Nh6 Nxh6
31.Bxh6 Bd8 32.g4 Rh7 33.Bd2 Rh4 34.Rf3 Rxg4+ 35.Rg3 Rxg3+ 36.Kxg3 Ne7 37.axb5 axb5
38.b4 Kc6 39.bxc5 Kxc5 40.Kg4 Nc6 41.Kf3 Ba5 42.Bh6 Kb4 43.Nd1 Ka3 44.Bg7 Ka2
45.Bxf6 Kb1 46.Nf2 Kxc2 47.Ke2 b4 48.Bg7 b3  0-1

[Event "TCh-ROM A"]
[Site "Tusnad ROM"]
[Date "2005.05.23"]
[Round "3"]
[White "Smokina,K"]
[Black "Zhukova,N"]
[Result "0-1"]
[WhiteElo "2307"]
[BlackElo "2479"]

1.Nf3 d5 2.g3 c6 3.Bg2 Nf6 4.d3 Bg4 5.Ne5 Bf5 6.Nd2 Nbd7 7.Ndf3 Nxe5 8.Nxe5 e6
9.O-O Bd6 10.d4 O-O 11.Bg5 Re8 12.g4 Bg6 13.Nxg6 fxg6 14.f4 h6 15.Bxf6 Qxf6
16.e3 g5 17.Qd2 gxf4 18.exf4 Rf8 19.f5 Qh4 20.h3 exf5 21.Rxf5 Qg3 22.Rd1 Qh2+
23.Kf1 Bf4 24.Qd3 g6 25.Rd2 Bxd2 26.Qxd2 Kg7  0-1

[Event "VII Open"]
[Site "Salou ESP"]
[Date "2005.05.24"]
[Round "5"]
[White "Szmetan,R"]
[Black "Karpatchev,A"]
[Result "1/2-1/2"]
[WhiteElo "2347"]
[BlackElo "2472"]

1.Nf3 d5 2.g3 Nc6 3.Bg2 e5 4.d3 Nf6 5.O-O g6 6.c4 Bg7 7.Bg5 dxc4 8.dxc4 Qxd1
9.Rxd1 Be6 10.Nfd2 O-O-O 11.Nc3 h6 12.Bxf6 Bxf6 13.Nde4 Be7 14.Nd5 f5 15.Nxe7+ Nxe7
16.Nc5 Bxc4 17.Nxb7 Rxd1+ 18.Rxd1 e4 19.Nc5 Rd8 20.Rxd8+ Kxd8 21.e3 Bxa2
22.f3 exf3 23.Bxf3 Bd5 24.Kf2 c6 25.e4 fxe4 26.Bxe4 Bxe4 27.Nxe4 Kd7 28.Ke3 Nf5+
29.Kf4 Ke6 30.h4 Nd6 31.Nc5+ Kd5 32.Nd7 c5 33.Nf8 Nc4 34.Nxg6 Nxb2 35.Ne7+ Ke6
36.Nc6 a6 37.g4 Nc4 38.g5 h5 39.Nd8+ Ke7 40.Nb7 a5 41.Nxc5 Kf7 42.Kf5 Nd6+
43.Ke5 Nc8 44.Nd3 Ne7 45.Nf4 a4 46.Kd4  1/2-1/2

[Event "TCh-ROM A"]
[Site "Tusnad ROM"]
[Date "2005.05.25"]
[Round "5"]
[White "Apostoaie,L"]
[Black "Zhukova,N"]
[Result "0-1"]
[WhiteElo "2182"]
[BlackElo "2479"]

1.Nf3 d5 2.g3 c5 3.Bg2 Nc6 4.d4 e6 5.O-O Qb6 6.dxc5 Bxc5 7.Nc3 Bb4 8.Bd2 Nf6
9.Na4 Qb5 10.b3 Ne4 11.Bxb4 Qxb4 12.Nb2 Qc3 13.Na4 Qb4 14.a3 Qe7 15.Nd4 Nxd4
16.Qxd4 Nf6 17.c4 e5 18.Qc5 dxc4 19.Qxc4 O-O 20.Qc5 Qe6 21.Qc2 e4 22.Nc3 Qc6
23.Rac1 Bf5 24.Rfd1 Rfd8 25.Qb2 h5 26.Rxd8+ Rxd8 27.Nxe4 Nxe4 28.Rxc6 Rd1+
29.Bf1 bxc6 30.g4 Bxg4 31.Qc2 Re1 32.Qxe4 Bh3 33.Qg2 Bxg2 34.Kxg2 Rb1 35.e3 Rxb3
36.a4 Ra3 37.Be2 Rxa4 38.Bxh5 a5  0-1

[Event "TCh-ROM A"]
[Site "Tusnad ROM"]
[Date "2005.05.25"]
[Round "5"]
[White "Smokina,K"]
[Black "Vajda,S"]
[Result "1/2-1/2"]
[WhiteElo "2307"]
[BlackElo "2391"]

1.Nf3 d5 2.g3 Nf6 3.Bg2 e6 4.O-O Be7 5.d3 O-O 6.Nbd2 c5 7.e4 Nc6 8.Re1 b6
9.Qe2 dxe4 10.dxe4 Nb4 11.e5 Ba6 12.Qd1 Nd7 13.a3 Nc6 14.b3 Qc7 15.Bb2 Rfd8
16.c4 Nf8 17.Qc2 Rd7 18.Rad1 Rad8 19.Ne4 Ng6 20.Rxd7 Rxd7 21.Neg5 Qd8 22.h4 Bxg5
23.Nxg5 Rd2 24.Qc3 Rd3 25.Qc2 Rd2 26.Qc3 Rd3 27.Qc2  1/2-1/2

[Event "GM"]
[Site "Frascati ITA"]
[Date "2005.05.27"]
[Round "7"]
[White "Ortega,Le"]
[Black "Miladinovic,I"]
[Result "0-1"]
[WhiteElo "2439"]
[BlackElo "2604"]

1.Nf3 d5 2.g3 Nc6 3.Bg2 e5 4.d3 f6 5.a3 Be6 6.b4 Qd7 7.e3 O-O-O 8.Nbd2 h5
9.Bb2 Bh3 10.Bxh3 Qxh3 11.Qe2 g5 12.e4 Nge7 13.b5 Nb8 14.d4 exd4 15.Nxd4 Nd7
16.c4 Bh6 17.cxd5 Nxd5 18.Qf1 Qxf1+ 19.Kxf1 N5b6 20.Nf5 g4 21.Nxh6 Rxh6 22.h3 Nc5
23.Bc3 Rg6 24.hxg4 hxg4 25.Rh5 Nba4 26.Bb4 Nd3 27.Rd5 Rxd5 28.exd5 Rg5 29.Ke2 Rxd5
30.Rh1 Nxb4 31.axb4 Nc3+ 32.Ke3 Rxb5 33.Rh8+ Kd7 34.Kd4 Nd5 35.Kc4 Kc6  0-1

[Event "69th ch-BUL"]
[Site "Pleven BUL"]
[Date "2005.05.27"]
[Round "5"]
[White "Raev,R"]
[Black "Kozhuharov,S"]
[Result "0-1"]
[WhiteElo "2338"]
[BlackElo "2375"]

1.Nf3 d5 2.g3 Nf6 3.Bg2 c5 4.O-O Nc6 5.d3 e6 6.Nbd2 Be7 7.e4 Qc7 8.c3 b6
9.Re1 Bb7 10.Qc2 O-O-O 11.a3 h6 12.b4 g5 13.b5 Na5 14.exd5 exd5 15.Nb3 Nxb3
16.Qxb3 Bd6 17.a4 Rhe8 18.Bd2 Qd7 19.a5 Qf5 20.axb6 axb6 21.c4 d4 22.Rxe8 Rxe8
23.Qd1 Qxd3 24.Ra7 Ne4 25.Qa1 Bb8 26.Rxb7 Kxb7 27.h4 Kc7 28.Be1 g4 29.Nh2 h5
30.Nf1 Qe2 31.Bxe4 Qxe4 32.Bd2 Kd7 33.Bg5 Bc7 34.Qc1 Re6 35.Bd2 Qe2 36.Bg5 Re5
37.Qb1 Qxc4 38.Bf4 Re2  0-1

[Event "TCh-ROM A"]
[Site "Tusnad ROM"]
[Date "2005.05.27"]
[Round "7"]
[White "Foisor,C"]
[Black "Sasaeac,A"]
[Result "1-0"]
[WhiteElo "2406"]
[BlackElo "2067"]

1.Nf3 d5 2.g3 e6 3.Bg2 Be7 4.O-O Nf6 5.d4 O-O 6.c4 b6 7.Nc3 Bb7 8.Ne5 Nbd7
9.Qa4 c5 10.e3 Nxe5 11.dxe5 Ne4 12.Nxe4 dxe4 13.Qc2 Qc7 14.Bxe4 Bxe4 15.Qxe4 Rad8
16.b3 Rd7 17.Bb2 Rfd8 18.Rfc1 a6 19.Bc3 Qb8 20.Rab1 b5 21.Ba5 Rc8 22.Rd1 Rxd1+
23.Rxd1 Qa7 24.Qd3 bxc4 25.bxc4 Bf8 26.Qe4 h6 27.Kg2 Rb8 28.h4 Be7 29.h5 Rb2
30.a4 Qb7 31.Qxb7 Rxb7 32.Kf3 g6 33.hxg6 fxg6 34.Bd8 Bf8 35.a5 Kf7 36.Bb6 Be7
37.Ke4 h5 38.f4  1-0

[Event "Summer"]
[Site "Alushta UKR"]
[Date "2005.05.28"]
[Round "4"]
[White "Annaberdiev,Bab"]
[Black "Kharchenko,B"]
[Result "1-0"]
[WhiteElo "2285"]
[BlackElo "2313"]

1.Nf3 d5 2.g3 c5 3.Bg2 Nc6 4.O-O e5 5.d3 Nf6 6.Nbd2 Be7 7.e4 d4 8.Nc4 Qc7
9.a4 Nd7 10.h3 b6 11.Nh2 Bb7 12.f4 O-O-O 13.Nf3 f6 14.fxe5 fxe5 15.Ng5 Bxg5
16.Bxg5 Rdf8 17.Qe2 h6 18.Bd2 Nf6 19.Rf2 Kb8 20.Raf1 Bc8 21.g4 Be6 22.b3 Qe7
23.Rf5 Nd7 24.Qf3 g6 25.Rxf8+ Rxf8 26.Qg3 Rh8 27.g5 h5 28.h4 Kc7 29.Bh3 Bxh3
30.Qxh3 Rf8 31.Be1 Rxf1+ 32.Qxf1 a6 33.Bg3 b5 34.axb5 axb5 35.Nd2 Kb6 36.Nf3 Qf7
37.Kg2 Qe6 38.Kf2 Na5 39.Qa1 Qe8 40.b4 Nc6 41.bxc5+ Nxc5 42.Kg2 Qe6 43.Qa8 Nd7
44.Qc8 Qf7 45.Be1 Qe6 46.Bg3 Qf7 47.Bxe5 Ndxe5 48.Nxe5 Nxe5 49.Qb8+ Ka5 50.Qxe5 Qd7
51.Qf4 Qc8 52.Qd2+ Kb6 53.Qe2 Qe6 54.e5 Qd5+ 55.Kg3 Kc7 56.e6 Qd6+ 57.Kf3 Qf8+
58.Ke4 Qd6 59.Kf3 Qf8+ 60.Kg2 Kd6 61.Qe4 Qf5 62.Qxd4+ Kxe6 63.Qe4+ Qxe4+
64.dxe4 Ke5 65.Kf3 Kd4 66.Kf4 b4 67.Kf3  1-0

[Event "Summer"]
[Site "Alushta UKR"]
[Date "2005.05.30"]
[Round "6"]
[White "Semiev,S"]
[Black "Tishin,D"]
[Result "1/2-1/2"]
[WhiteElo "2287"]
[BlackElo "2355"]

1.Nf3 d5 2.g3 Nf6 3.Bg2 c6 4.O-O Bf5 5.d4 e6 6.c4 Nbd7 7.Qb3 Qb6 8.c5 Qxb3
9.axb3 a6 10.Nc3 Be7 11.b4 O-O 12.h3 h6 13.g4 Bh7 14.Bf4 Ne4 15.Ne5 Nxe5
16.Bxe4 Bxe4 17.Bxe5 Bg6 18.Na4 f6 19.Bh2 Rae8 20.Nb6 Rf7 21.Ra3 Bf8 22.Re3 h5
23.f3 hxg4 24.hxg4 Bh7 25.Kf2 g5 26.Kg2 e5 27.dxe5 Rfe7 28.f4 gxf4 29.Bxf4 fxe5
30.Rxe5 Bg7 31.Rg5 Rxe2+ 32.Rf2 Rxf2+ 33.Kxf2 Re4 34.Bd2 Kf8 35.Nc8 Bxb2
36.Nd6 Re7 37.Rh5 Bg6 38.Rh3 Bd4+ 39.Be3 Bg7 40.Bh6 Bxh6 41.Rxh6 Kg7 42.Rh3 d4
43.Rh1 Kf6 44.Re1 Rd7 45.Ke2 b6 46.Kd2 bxc5 47.bxc5 Rh7 48.Ne4+ Bxe4 49.Rxe4 Rd7
50.Kd3 Rd5 51.Re8 a5 52.Ra8 Rxc5 53.Kxd4 Rd5+ 54.Kc4 Ke6 55.Kb3 Rg5 56.Re8+ Kd5
57.Rf8 Rxg4 58.Rf5+ Kd4 59.Rxa5 Rg3+ 60.Kc2 c5 61.Ra8 Rg2+ 62.Kc1 c4 63.Rh8 Kc3
64.Rh3+ Kb4 65.Rf3 Rg1+ 66.Kb2 Rh1 67.Kc2 Ra1 68.Kb2 Rh1 69.Rg3 Rh2+ 70.Kc1 Rf2
71.Rh3  1/2-1/2

[Event "TCh-BIH Prem"]
[Site "Neum BIH"]
[Date "2005.06.04"]
[Round "1"]
[White "Vukic,M"]
[Black "Movsesian,S"]
[Result "0-1"]
[WhiteElo "2468"]
[BlackElo "2628"]

1.Nf3 d5 2.g3 c5 3.Bg2 Nc6 4.c4 d4 5.d3 Bg4 6.O-O Qd7 7.Na3 e5 8.Nc2 Bd6
9.e3 Nge7 10.exd4 exd4 11.Qd2 O-O 12.Ng5 Rfe8 13.f4 Ng6 14.Re1 Rxe1+ 15.Nxe1 Re8
16.Ngf3 Bc7 17.Qf2 Ba5 18.Bf1 h6 19.Ng2 a6 20.Nd2 b5 21.cxb5 axb5 22.a4 bxa4
23.Nc4 Bb4 24.Qc2 Bf3 25.Rxa4 Nce7 26.Ra1 Nf5 27.Qf2 Bc6 28.Bd2 Bxd2 29.Qxd2 h5
30.Re1 Rb8 31.Ne5 Nxe5 32.Rxe5 h4 33.Qf2 h3 34.Ne1 Ne3 35.Qd2 Ba8 36.Be2 Qa7
37.Qc1 Rc8 38.Kf2 g6 39.b4 Qb7 40.Rxc5 Rf8 41.Bf3 Qxb4 42.Bxa8 Rxa8 43.Rc8+ Rxc8
44.Qxc8+ Kg7 45.Qc1 Qb3 46.Qd2 Qb1 47.Qe2 Qc1 48.g4 Qc6 49.Qf3 Qb6 50.Kg3 Qe6
51.Kxh3 Nxg4 52.Qxg4 Qxe1 53.Qf3 Qg1 54.f5 g5 55.Qg3 Qf1+ 56.Kg4 f6 57.h4 Qd1+
58.Qf3 Qg1+ 59.Kh3 Qc1 60.Qe4 Qe3+  0-1